00573nam a2200169Ia 4500008004100000041000800041082001500049100002600064245003400090260003800124300000900162365000800171700003800179906002500217999001900242952014200261230612s9999 xx 000 0 und d aeng a621.46 AND aAnderson E.P.9125462 aAudels Electrical Motor Guied c1962bD.B.Taraporevala Sons & Co. a1036 cRs. aAnderson E.P. & Miller R.9184782 dB:17-Apr-2008cELECT c165972d165972 00104070aCCEPbCCEPd1993-02-25eMasurkar EnterprisesfELECTl0o621.46 ANDpCCEP-BK-1690r2023-06-12 00:00:00w2008-04-17yBKz001690